000
00232 a2200097 4500
001
41786
100
_a
Mcloughlin E V
245
_a
The Book of Knowledge (Vol-VII)
260
_a
New York
_b
Grolier Society
_c
090
_c
25897
_d
25897
942
_a
NUST-CAE
_c
M
_c
17665
999
_c
276859
_d
276859